[Event "KB Czech Open"]
[Site "Pardubice CZE"]
[Date "2002.07.24"]
[Round "6"]
[White "Brynell,S"]
[Black "Neverov,V"]
[Result "0-1"]
[WhiteElo "2508"]
[BlackElo "2587"]

1.e4 c5 2.c3 Nf6 3.e5 Nd5 4.d4 cxd4 5.Nf3 e6 6.cxd4 b6 7.Bd3 Bb7 8.O-O Nb4
9.Be2 Be7 10.Nc3 O-O 11.Bf4 d6 12.Rc1 dxe5 13.Nxe5 N8c6 14.Bf3 Nxe5 15.Bxe5 Bxf3
16.Qxf3 Rc8 17.Qg4 g6 18.Rfd1 Nd5 19.Qf3 Bg5 20.Rc2 Nxc3 21.Rxc3 Rxc3 22.Qxc3 Qd5
23.b3 Rd8 24.Qc7 Rd7 25.Qc8+ Rd8 26.Qc7 Qd7 27.Qxd7 Rxd7 28.Kf1 Bd8 29.Ke2 Kf8
30.Kd3 f6 31.Bf4 b5 32.Ke4 Bb6 33.Be3 Ke7 34.g4 Rd5 35.h3 f5+ 36.gxf5 gxf5+
37.Kf3 e5 38.Re1 e4+ 39.Ke2 Ke6 40.Rc1 Bxd4 41.Rc6+ Ke5 42.Rh6 b4 43.Ra6 f4
44.Bxd4+ Kxd4 45.Rxa7 h5 46.Rb7 Kc3 47.Rc7+ Kb2 48.Rc4 Rb5 49.Kd1 Kxa2 50.Kc2 e3
51.f3 e2 52.Re4 Rc5+ 53.Kd2 Kxb3 54.Rxf4 Rc2+ 55.Ke1 Kc3 56.Rf8 b3 57.Rb8 b2
58.f4 Kd3 59.Kf2 e1=Q+  0-1

[Event "Lost Boys Open"]
[Site "Amsterdam NED"]
[Date "2002.07.26"]
[Round "1"]
[White "Jonkman,H"]
[Black "De Roda Husman,J"]
[Result "1-0"]
[WhiteElo "2497"]
[BlackElo "2281"]

1.e4 c5 2.c3 Nf6 3.e5 Nd5 4.Nf3 e6 5.d4 cxd4 6.cxd4 b6 7.Bd3 Ba6 8.Nc3 Nxc3
9.bxc3 Bxd3 10.Qxd3 d5 11.exd6 Bxd6 12.Ng5 Nd7 13.Nxh7 Qc7 14.Ng5 Nf6 15.g3 Rc8
16.Bd2 Qc6 17.O-O Ke7 18.Rae1 Qd5 19.h4 Rc7 20.f4 Kf8 21.a4 Qc4 22.Qxc4 Rxc4
23.a5 bxa5 24.Rb1 Ke7 25.Rb7+ Rc7 26.Rfb1 Rc8 27.c4 Rxb7 28.Rxb7+ Rc7 29.Rxc7+ Bxc7
30.Kf2 Nd7 31.Ke3 Nb8 32.g4 Nc6 33.Nf3 f6 34.h5 Nb4 35.Ke4 Kf7 36.f5 exf5+
37.gxf5 Ke7 38.c5 Na6 39.Kd5 Kd7 40.Kc4 Nb8 41.d5  1-0

[Event "Lost Boys Open"]
[Site "Amsterdam NED"]
[Date "2002.07.26"]
[Round "1"]
[White "Willemsen,J"]
[Black "De Vreugt,D"]
[Result "0-1"]
[WhiteElo "2280"]
[BlackElo "2477"]

1.e4 c5 2.c3 Nf6 3.e5 Nd5 4.d4 cxd4 5.Nf3 e6 6.Qxd4 Nc6 7.Qe4 f5 8.Qe2 Qc7
9.g3 d6 10.exd6 Bxd6 11.Bg2 Nf6 12.O-O O-O 13.Nd4 Nxd4 14.cxd4 Bd7 15.Nc3 Qb6
16.Rd1 Rae8 17.a4 a6 18.Qd3 h6 19.a5 Qb3 20.Ne4 Qxd3 21.Nxf6+ Rxf6 22.Rxd3 Rf7
23.Rb3 Bb5 24.Bf1 Bc6 25.Bg2 Bxg2 26.Kxg2 Rc8 27.Be3 Rd7 28.Rc1 Rxc1 29.Bxc1 Kf7
30.Bd2 g5 31.h3 Be7 32.Bc3 Bd8 33.Kf3 Ke7 34.Ke2 h5 35.f3 Kd6 36.Kd3 Kd5
37.Be1 g4 38.hxg4 hxg4 39.fxg4 fxg4 40.Rc3 Rc7 41.Bd2 Rc6 42.Rb3 b5 43.axb6 Rxb6
44.Rxb6 Bxb6 45.Be3 Ba7 46.b3 Bb6  0-1

[Event "Capital of Siberia Open"]
[Site "Novosibirsk RUS"]
[Date "2002.07.26"]
[Round "8"]
[White "Yudin,S"]
[Black "Aliqogin,J"]
[Result "1-0"]
[WhiteElo "2328"]
[BlackElo "2245"]

1.e4 c5 2.c3 Nf6 3.e5 Nd5 4.Nf3 Nc6 5.Bc4 Nb6 6.Bb3 e6 7.O-O c4 8.Bc2 d6
9.exd6 Bxd6 10.d4 cxd3 11.Qxd3 Ne5 12.Nxe5 Bxe5 13.Qe2 Qc7 14.h3 O-O 15.Nd2 g6
16.Ne4 Bg7 17.Bb3 a5 18.a4 Nd5 19.Rd1 b6 20.Bg5 Ba6 21.Qf3 Bc4 22.Bxc4 Qxc4
23.Nf6+ Nxf6 24.Bxf6 Qxc3 25.Qe2 Bxf6 26.Ra3 Qxa3 27.bxa3 Bc3 28.Qe3 Rac8
29.Qxb6 e5 30.h4 h5 31.Qa6 Bd4 32.Qxa5 Rc2 33.Rf1 Rb8 34.Qd5 Rbb2 35.a5 Ra2
36.Kh1 Rd2 37.Rb1 Rxf2 38.Rb8+ Kg7 39.Qd8  1-0

[Event "KB Czech Open"]
[Site "Pardubice CZE"]
[Date "2002.07.26"]
[Round "8"]
[White "Potkin,V"]
[Black "Vorobiov,E"]
[Result "1/2-1/2"]
[WhiteElo "2485"]
[BlackElo "2542"]

1.e4 c5 2.c3 Nf6 3.e5 Nd5 4.Nf3 Nc6 5.d4 cxd4 6.cxd4 d6 7.Bc4 Nb6 8.Bb5 Bd7
9.Nc3 dxe5 10.dxe5 g6 11.O-O Bg7 12.Qe2 O-O 13.Bf4 a6 14.Bxc6 Bxc6  1/2-1/2

[Event "Lost Boys Open"]
[Site "Amsterdam NED"]
[Date "2002.07.27"]
[Round "2"]
[White "Afek,Y"]
[Black "Tan,Kev"]
[Result "1-0"]
[WhiteElo "2329"]
[BlackElo "2221"]

1.e4 c5 2.c3 Nf6 3.e5 Nd5 4.Nf3 e6 5.d4 cxd4 6.cxd4 Nc6 7.Nc3 Nxc3 8.bxc3 d6
9.Bf4 Be7 10.Bd3 O-O 11.h4 h6 12.Qe2 dxe5 13.dxe5 f5 14.exf6 Bxf6 15.Bd2 Qd5
16.c4 Qc5 17.Rb1 Nd4 18.Nxd4 Qxd4 19.Qe4 Qxe4+ 20.Bxe4 Rb8 21.Be3 b6 22.c5 Ba6
23.cxb6 Rfd8 24.f3 axb6 25.Kf2 Bd3 26.Bxd3 Rxd3 27.Rb3 Rxb3 28.axb3 Rc8 29.h5 Rc2+
30.Kg3 b5 31.b4 Rc4 32.Bc5 Bd4 33.Bxd4 Rxd4 34.Rh4 Rd5 35.Kh3 Rf5 36.Kg3 e5
37.Kf2 Kf7 38.Ke3 Ke6 39.Ke4 Rf7 40.Rg4 Rc7 41.Rg6+ Kf7 42.Kxe5 Rc4 43.Rg4 Rc2
44.Rf4+ Ke7 45.g4 Rc3 46.Re4 Kf7 47.f4 Rc1 48.Rd4 Rb1 49.Kf5 Kf8 50.Kg6 Rf1
51.f5 Rg1 52.f6 gxf6 53.Kxf6 Rf1+ 54.Kg6 Rc1 55.Rf4+ Kg8 56.Kxh6 Rc4 57.Kg5  1-0

[Event "6th Open"]
[Site "Korinthos GRE"]
[Date "2002.07.27"]
[Round "5"]
[White "Dolzhikova,O"]
[Black "Kakkanas,E"]
[Result "1-0"]
[WhiteElo "2258"]
[BlackElo "2038"]

1.e4 c5 2.c3 Nf6 3.e5 Nd5 4.d4 cxd4 5.Nf3 Nc6 6.Bc4 e6 7.cxd4 Bb4+ 8.Bd2 Bxd2+
9.Nbxd2 d6 10.O-O Nb6 11.Bb3 d5 12.Bc2 Nd7 13.Rc1 f6 14.Ba4 Qb6 15.Nb3 O-O
16.exf6 Rxf6 17.Re1 Na5 18.Rxc8+ Rxc8 19.Bxd7  1-0

[Event "Lost Boys Open"]
[Site "Amsterdam NED"]
[Date "2002.07.28"]
[Round "3"]
[White "Willemsen,J"]
[Black "L'Ami,E"]
[Result "0-1"]
[WhiteElo "2280"]
[BlackElo "2438"]

1.e4 c5 2.c3 Nf6 3.e5 Nd5 4.d4 cxd4 5.Nf3 Nc6 6.Bc4 Nb6 7.Bb3 d5 8.exd6 Qxd6
9.cxd4 Be6 10.O-O Bxb3 11.Qxb3 e6 12.Nc3 Be7 13.Rd1 Rd8 14.a3 O-O 15.g3 Bf6
16.Be3 Nd5 17.Ne4 Qe7 18.Nxf6+ Nxf6 19.Rac1 Nd5 20.Bg5 f6 21.Bd2 Rd6 22.Re1 Qd7
23.Re4 Re8 24.Rce1 a6 25.Bc3 Nce7 26.Nh4 Rc6 27.f4 g6 28.Nf3 Kh8 29.Bd2 Nf5
30.R4e2 Nd6 31.Qd3 Nc4 32.Bc1 b5 33.Kh1 a5 34.g4 Ra8 35.g5 f5 36.Rc2 a4 37.Kg1 Qd6
38.Ne5 Nxe5 39.Rxe5 Rxc2 40.Qxc2 Qb6 41.Qd3 Rc8 42.Bd2 Rc4 43.Bc3 Qc6  0-1

[Event "6th Open"]
[Site "Korinthos GRE"]
[Date "2002.07.30"]
[Round "8"]
[White "Mihailidis,A"]
[Black "Sideris,T"]
[Result "1-0"]
[WhiteElo "2202"]
[BlackElo "2077"]

1.e4 c5 2.c3 Nf6 3.e5 Nd5 4.d4 cxd4 5.Nf3 Nc6 6.Bc4 Nb6 7.Bb3 d5 8.exd6 Qxd6
9.O-O Be6 10.Bxe6 Qxe6 11.Nxd4 Nxd4 12.Qxd4 Rd8 13.Qh4 Qc6 14.Re1 e6 15.Bg5 Rd5
16.Nd2 f6 17.Bxf6 Rxd2 18.Qh5+ g6 19.Qh3 Kf7 20.Bxh8 h5 21.Bd4 Nd5 22.Qf3+ Ke7
23.Rad1 Rxd1 24.Rxd1 Bh6 25.b3 Nf4 26.Qxc6 bxc6 27.Kf1 a6 28.c4 g5 29.Bc5+ Kf6
30.Rd6 Ke5 31.Rxc6 Nd3 32.Be3 Nb4 33.Rc5+ Ke4 34.Ke2 e5 35.a3 Nc2 36.f3+ Kf5
37.Ra5 Nxe3 38.Kxe3 g4+ 39.Ke2 Bf4 40.fxg4+ hxg4 41.g3 Bg5 42.Rxa6 Ke4 43.Rg6  1-0

[Event "2nd Summer Open"]
[Site "Savaria HUN"]
[Date "2002.07.30"]
[Round "6"]
[White "Kun,G"]
[Black "Jovanovic,Zo2"]
[Result "1/2-1/2"]
[WhiteElo "2342"]
[BlackElo "2389"]

1.e4 c5 2.c3 Nf6 3.e5 Nd5 4.d4 cxd4 5.Nf3 e6 6.cxd4 b6 7.Nc3 Nxc3 8.bxc3 Qc7
9.Bd2 Be7 10.Bd3 Ba6 11.c4 Bxc4 12.Rc1 b5 13.Qe2 O-O 14.Bxc4 bxc4 15.Rxc4 Qb7
16.O-O Qd5 17.Bg5 Bxg5 18.Rc5 Qb7 19.Nxg5 h6 20.Ne4 Nc6 21.Rd1 Rab8 22.Qg4 Ne7
23.Nd6 Qa6 24.Rc2  1/2-1/2

[Event "Lost Boys Open"]
[Site "Amsterdam NED"]
[Date "2002.07.31"]
[Round "6"]
[White "Helvensteijn,D"]
[Black "Wunnink,M"]
[Result "1/2-1/2"]
[WhiteElo "2242"]
[BlackElo "2255"]

1.e4 c5 2.c3 Nf6 3.e5 Nd5 4.d4 cxd4 5.cxd4 d6 6.f4 dxe5 7.fxe5 Nc6 8.Nc3 Bf5
9.a3 e6 10.Nf3 Be7 11.Bc4 Nb6 12.Ba2 Bg4 13.O-O O-O 14.Be3 Qd7 15.Qe1 Bxf3
16.gxf3 Kh8 17.Rd1 Bd8 18.d5 Nxd5 19.Nxd5 exd5 20.Rxd5 Qe6 21.Bc5 Bb6 22.Bxb6 axb6
23.Bb3 Ra5 24.Qe4 Rxd5 25.Bxd5 Qxe5 26.Qxe5 Nxe5 27.Bxb7 g5 28.f4 gxf4 29.Rxf4 Nd3
30.Rf6 Nxb2 31.Rxb6 Nc4 32.Ra6 Rb8 33.Bd5 Rb1+ 34.Kf2 Rb2+ 35.Kg3 Rb3+ 36.Kf4 Rxa3  1/2-1/2

[Event "Lost Boys Open"]
[Site "Amsterdam NED"]
[Date "2002.07.31"]
[Round "6"]
[White "Span,P"]
[Black "Van der Spek,HP"]
[Result "1/2-1/2"]
[WhiteElo "2294"]
[BlackElo "2243"]

1.e4 c5 2.c3 Nf6 3.e5 Nd5 4.g3 Nc6 5.Bg2 e6 6.Qe2 Qc7 7.f4 Be7 8.Nf3 d6 9.exd6 Qxd6
10.Na3 O-O 11.O-O a6 12.Nc4 Qc7 13.d3 b5 14.Nce5 Nxe5 15.Nxe5 Bb7 16.c4 Nb4
17.Bxb7 Qxb7 18.Be3 Nc6 19.Qg2 Rac8 20.cxb5 axb5 21.Rfc1 f6 22.Nxc6 Qxc6
23.a4 Qxg2+ 24.Kxg2 bxa4 25.Rxa4 Rfd8 26.d4 cxd4 27.Rxd4 Rxc1 28.Rxd8+ Bxd8
29.Bxc1 Kf7 30.Kf3 f5 31.Bd2 h5 32.h3 Ke8 33.Bc3 g5 34.fxg5 Bxg5 35.Be5 Kd7
36.g4 hxg4+  1/2-1/2

[Event "2nd Summer Open"]
[Site "Savaria HUN"]
[Date "2002.08.01"]
[Round "9"]
[White "Vajda,S"]
[Black "Gruskovnjak,T"]
[Result "0-1"]
[WhiteElo "2390"]
[BlackElo "2282"]

1.e4 c5 2.c3 Nf6 3.e5 Nd5 4.d4 cxd4 5.Nf3 d6 6.Bb5+ Bd7 7.Bxd7+ Qxd7 8.Qxd4 e6
9.exd6 Nc6 10.Qe4 Bxd6 11.O-O O-O 12.c4 Nf6 13.Qe2 Bc5 14.Nc3 Rad8 15.Rd1 Qc7
16.Be3 Bxe3 17.Qxe3 a6 18.h3 Nb4 19.Qe2 Qf4 20.b3 h6 21.Qe5 Qxe5 22.Nxe5 Rc8
23.Rac1 Rfd8 24.a3 Rxd1+ 25.Rxd1 Nc6 26.Nxc6 Rxc6 27.Rd8+ Kh7 28.Rd3 g5 29.Kf1 Kg6
30.Ke2 Rc7 31.Ke3 Nd7 32.Ne4 f5 33.Nd2 Kf6 34.g3 Ke7 35.f4 b5 36.Rd4 Nb6
37.Kd3 bxc4+ 38.bxc4 Na4 39.Kc2 Nc5 40.g4 gxf4 41.Rxf4 Kf6 42.gxf5 exf5 43.Rh4 Kg6
44.Rd4 Rc6 45.Kc3 Ne6 46.Rd3 Nf4 47.Rf3 Ne6 48.Rg3+ Kf6 49.h4 Nf4 50.Rg8 Ke5
51.Rd8 Ne2+ 52.Kd3 Nf4+ 53.Kc2 Ng2 54.Rd5+ Kf4 55.Rd4+ Kg3 56.h5 Nf4 57.Nf1+ Kf3
58.Nd2+ Ke3 59.Rd8 Nxh5 60.Re8+ Kf4 61.Kc3 Nf6 62.Re1 Ne4+ 63.Nxe4 fxe4 64.Rf1+ Ke3
65.Rh1 Kf3 66.Rh3+ Kg4 67.Rh1 Re6 68.Kd4 e3 69.Kd5 Re8 70.Rxh6 e2 71.Rh1 e1=Q
72.Rxe1 Rxe1 73.c5 Ra1 74.c6 Rxa3  0-1

[Event "FSGM August"]
[Site "Budapest HUN"]
[Date "2002.08.04"]
[Round "2"]
[White "Vajda,L"]
[Black "Antal,Ge"]
[Result "1/2-1/2"]
[WhiteElo "2564"]
[BlackElo "2492"]

1.e4 c5 2.c3 Nf6 3.e5 Nd5 4.d4 cxd4 5.Nf3 Nc6 6.Bc4 Nb6 7.Bb3 d5 8.exd6 Qxd6
9.O-O Be6 10.Na3 Bxb3 11.axb3 a6 12.cxd4 Rd8 13.Nc4 Nxc4 14.bxc4 Nxd4 15.Nxd4 Qxd4
16.Qb3 Qd7 17.Bf4 Qc6 18.Rad1 Rxd1 19.Rxd1 e6 20.Qg3 f6 21.Bc7 Kf7 22.Rd8 Rg8
23.Bd6 Qxc4 24.Qe3 Bxd6 25.Rxd6 Rc8 26.Rd1 Rc7 27.h3 Qc6 28.Qd3 h6 29.h4 Qc4
30.Qg3 Qc2 31.Rd3 Re7 32.f4 Qxb2 33.h5 Kf8 34.Rd8+ Re8 35.Rd7 f5 36.Qg6 Qc1+
37.Kh2 Qxf4+ 38.g3 Qf2+ 39.Kh3 Qf1+ 40.Kh2 Qe2+ 41.Kg1 Qe1+ 42.Kh2  1/2-1/2

[Event "Proclient Cup"]
[Site "Olomouc CZE"]
[Date "2002.08.04"]
[Round "5"]
[White "Skytte,R"]
[Black "Suran,J"]
[Result "1/2-1/2"]
[WhiteElo "2366"]
[BlackElo "2404"]

1.e4 c5 2.c3 Nf6 3.e5 Nd5 4.d4 cxd4 5.Nf3 Nc6 6.Bc4 e6 7.cxd4 d6 8.O-O Be7
9.Qe2 O-O 10.Qe4 Ndb4 11.exd6 Qxd6 12.Bf4  1/2-1/2

[Event "6th Open"]
[Site "Genova ITA"]
[Date "2002.08.05"]
[Round "3"]
[White "Guido,F"]
[Black "Jowett,P"]
[Result "1/2-1/2"]
[WhiteElo "2327"]
[BlackElo "2204"]

1.e4 c5 2.c3 Nf6 3.e5 Nd5 4.d4 cxd4 5.Nf3 Nc6 6.cxd4 d6 7.Bc4 Nb6 8.Bb5 dxe5
9.Nxe5 Bd7 10.Nxd7 Qxd7 11.O-O e6 12.Nc3 Be7 13.Qg4 O-O 14.Rd1 Rfd8 15.Bh6 g6
16.Rd3 a6 17.Bxc6 bxc6 18.Rad1 Nd5 19.Bg5 Rab8 20.b3 Bxg5 21.Qxg5 Nxc3 22.Rxc3 Rb5  1/2-1/2

[Event "II UPI"]
[Site "Mancha Real ESP"]
[Date "2002.08.05"]
[Round "4"]
[White "Fernandez Siles,L"]
[Black "Herrera,I"]
[Result "1/2-1/2"]
[WhiteElo "2236"]
[BlackElo "2478"]

1.e4 c5 2.c3 Nf6 3.e5 Nd5 4.Nf3 b6 5.Bc4 Bb7 6.O-O e6 7.d4 cxd4 8.cxd4 Be7
9.Bxd5 Bxd5 10.Nc3 Bb7 11.d5 h6 12.Nd4 Bc5 13.Qg4 Kf8 14.Be3 Na6 15.Rad1 Qe7
16.f4 g6 17.a3 Rc8 18.Rc1 Bxd4 19.Bxd4 Rc4 20.Nb5 Bxd5 21.Bf2 Qg5 22.Qxg5 hxg5
23.fxg5 Rg4 24.Bg3 Kg7 25.Nd6 Rf8 26.Rf2 Nc5 27.Rcf1 Ne4 28.Rxf7+ Rxf7 29.Rxf7+ Kg8
30.Rf4 Rxf4 31.Bxf4 Nxd6 32.exd6 Kf7 33.Be5 a5 34.b4 axb4 35.axb4 Ke8 36.h4 Bb3
37.Kf2 Bd1 38.Ke3 Bg4 39.Kf4 Be2 40.Bd4 b5 41.Be5 Bf1 42.g3 Bg2 43.Ke3 Kd8
44.Kd4 Bf3 45.Kc5 Be2 46.g4 Bxg4 47.Kxb5 Kc8 48.Kb6 Kb8 49.Bf6 Be2 50.Bd8 Bf3
51.Bc7+ Ka8 52.Kc5 Kb7 53.b5 e5 54.Ba5 e4 55.Kd4 Be2 56.Kxe4 Bxb5 57.Ke5 Be2
58.Kf6 Bh5 59.Bc7 Kc6 60.Ke7 Bg4 61.Ba5 Bh5 62.Be1 Bg4 63.Bg3 Bh5 64.Bh2 Bg4
65.Kf6 Bh5 66.Kf7 Kb7 67.Ke8 Kc6 68.Bg3 Bg4  1/2-1/2

[Event "6th Open"]
[Site "Genova ITA"]
[Date "2002.08.06"]
[Round "5"]
[White "Goris,T"]
[Black "Jowett,P"]
[Result "1/2-1/2"]
[WhiteElo "2076"]
[BlackElo "2204"]

1.e4 c5 2.c3 Nf6 3.e5 Nd5 4.d4 cxd4 5.Nf3 Nc6 6.cxd4 d6 7.Bc4 Nb6 8.Bb5 dxe5
9.Nxe5 Bd7 10.Bxc6 Bxc6 11.Nxc6 bxc6 12.O-O e6 13.Bf4 Bd6 14.Qf3 Bxf4 15.Qxf4 O-O
16.Nc3 Nd5 17.Nxd5 Qxd5 18.Qe5 Qb5 19.Qxb5 cxb5 20.Rac1 Rfd8 21.Rc5 a6 22.Rd1 Rd6
23.f4 Rad8 24.Kf2 g6  1/2-1/2

[Event "FSFM August"]
[Site "Budapest HUN"]
[Date "2002.08.07"]
[Round "5"]
[White "Pali,G"]
[Black "Szilardfy,G"]
[Result "0-1"]
[WhiteElo "2033"]
[BlackElo "2168"]

1.e4 c5 2.c3 Nf6 3.e5 Nd5 4.d4 cxd4 5.Qxd4 e6 6.Nf3 Nc6 7.Qe4 f5 8.exf6 Nxf6
9.Qc2 Be7 10.Nbd2 O-O 11.Be2 Qc7 12.h3 b6 13.Ng5 Nd4 14.Qd3 Nxe2 15.Qxe2 Bb7
16.Ndf3 Rae8 17.Ne5 Bc5 18.Ngf3 Ne4 19.Be3 Rf5 20.O-O-O d6 21.Nd3 Bxe3+ 22.fxe3 Ng3
23.Qf2 Nxh1 24.Rxh1 Qc4 25.Nf4 e5 26.g4 Rxf4 27.exf4 Qxf4+  0-1

[Event "6th Open"]
[Site "Genova ITA"]
[Date "2002.08.08"]
[Round "7"]
[White "Guido,F"]
[Black "Isonzo,D"]
[Result "1/2-1/2"]
[WhiteElo "2327"]
[BlackElo "2337"]

1.e4 c5 2.c3 Nf6 3.e5 Nd5 4.d4 cxd4 5.Nf3 d6 6.Bc4 Nb6 7.Bb3 dxe5 8.Nxe5 e6
9.cxd4 Nc6 10.Nxc6 bxc6 11.O-O Be7 12.Nc3 O-O 13.Be3 Ba6 14.Re1 Nd5 15.Nxd5 cxd5
16.Bf4 Bd6 17.Qg4 Bd3 18.h4 a5 19.h5 Bf5 20.Qg3 Bxf4 21.Qxf4 a4 22.Bd1 Qb8
23.Qd2 h6 24.Rc1 Rc8 25.Rxc8+ Qxc8 26.Re3 Qc7 27.Ra3 Qc6 28.Rg3 Kh8 29.Rc3 Qb6
30.Rc5 Rb8 31.Bxa4 Qxb2 32.Rc8+ Kh7 33.Qxb2 Rxb2 34.Be8 e5 35.Rd8 Be6 36.dxe5 Rxa2
37.f4 g6 38.Bc6 Rd2 39.hxg6+ Kxg6 40.g3 Kf5 41.Bd7 Kg4 42.Bxe6+ fxe6 43.Rg8+ Kf3
44.Rg6 d4 45.Rxe6 Kxg3 46.Kf1 d3 47.Ke1 Re2+ 48.Kd1 Kxf4 49.Rxh6 Kxe5 50.Rh4  1/2-1/2

[Event "V Open"]
[Site "Banyoles ESP"]
[Date "2002.08.09"]
[Round "7"]
[White "Mellado Trivino,J"]
[Black "Fluvia Poyatos,J"]
[Result "1-0"]
[WhiteElo "2447"]
[BlackElo "2449"]

1.e4 c5 2.c3 Nf6 3.e5 Nd5 4.d4 cxd4 5.Nf3 Nc6 6.Bc4 e6 7.cxd4 d6 8.O-O Be7
9.Qe2 O-O 10.Qe4 Qc7 11.exd6 Bxd6 12.Nc3 Nxc3 13.bxc3 Ne7 14.Bd3 Ng6 15.c4 Bd7
16.h3 Rae8 17.Bd2 Bc6 18.Qe2 Nf4 19.Bxf4 Bxf4 20.Be4 b6 21.a4 Bd7 22.a5 bxa5
23.g3 Bd6 24.c5 Be7 25.Qa6 e5 26.Nxe5 Bxh3 27.Rfc1 Bg5 28.f4 f6 29.fxg5 fxe5
30.d5 Qe7 31.Qd3 Qxg5 32.d6 Rf6 33.Rc3 Qg4 34.c6 Rxd6 35.Bxh7+ Kh8 36.Qxd6 Kxh7
37.c7 Qf5 38.Rac1 Qg5 39.Qc6 Rc8 40.Qe4+ Kg8 41.Qc4+ Kf8 42.Rf3+ Bf5 43.Rcf1 g6
44.Qe6 Kg7 45.Qxe5+ Kh7 46.R3f2 Kg8 47.Rh2  1-0

[Event "V Open"]
[Site "Banyoles ESP"]
[Date "2002.08.10"]
[Round "8"]
[White "Perez,Lu"]
[Black "Fluvia Frigola,J"]
[Result "1-0"]
[WhiteElo "2384"]
[BlackElo "2184"]

1.e4 c5 2.c3 Nf6 3.e5 Nd5 4.d4 cxd4 5.Nf3 Nc6 6.Bc4 Nb6 7.Bb3 d6 8.exd6 Qxd6
9.O-O Be6 10.Bxe6 Qxe6 11.Nxd4 Nxd4 12.Qxd4 Rd8 13.Qh4 Qe2 14.Bd2 h5 15.h3 f6
16.Re1 Qc4 17.Qg3 Kf7 18.Be3 h4 19.Qf3 Qc6 20.Qg4 Qd7 21.Qe4 Qd5 22.Qc2 e6
23.Nd2 Bc5 24.c4 Qc6 25.Bxc5 Qxc5 26.b3 Qc6 27.Nf3 Qc5 28.Qe4 Qc6 29.Qf4 Ke7
30.Nd4 Rxd4 31.Qxd4 Rh5 32.Re4 Rg5 33.Rg4 e5 34.Qd1 Rxg4 35.Qxg4 g5 36.Rd1 Qe6
37.Qe4 Qc6 38.Qh7+ Ke6 39.Qg8+ Kf5 40.Qf7 Nc8 41.Qd7+  1-0

[Event "FSGM August"]
[Site "Budapest HUN"]
[Date "2002.08.11"]
[Round "9"]
[White "Vajda,L"]
[Black "Balogh,C"]
[Result "1-0"]
[WhiteElo "2564"]
[BlackElo "2441"]

1.e4 c5 2.c3 Nf6 3.e5 Nd5 4.d4 cxd4 5.Nf3 Nc6 6.cxd4 d6 7.Bc4 dxe5 8.Nxe5 e6
9.O-O Be7 10.Nf3 O-O 11.Nc3 Nxc3 12.bxc3 b6 13.Re1 Bb7 14.Bd3 Rc8 15.Bd2 Bf6
16.Rc1 Na5 17.Ne5 Bxe5 18.Qh5 f5 19.Rxe5 Bd5 20.Bf4 Nc4 21.Re2 Qe8 22.Qh3 Qc6
23.f3 b5 24.Bg5 Rf7 25.Qg3 a6 26.h4 Nb6 27.Bf4 Na4 28.Bd6 Qb6 29.Rec2 Rc6
30.Be5 Qa5 31.c4 bxc4 32.Bxc4 Nb6 33.Bxd5 Rxc2 34.Rxc2 Qxd5 35.h5 Nc4 36.h6 g6
37.Kh2 Nxe5 38.dxe5 Qd8 39.f4 Rc7 40.Rb2 Qd1 41.Qg5 Qh5+ 42.Qxh5 gxh5 43.Rb6 Kf7
44.Rxa6 Rd7 45.a4 Kg6 46.a5 Kxh6 47.Rb6 h4 48.a6 Kh5 49.Rb7  1-0

[Event "ADCF Masters"]
[Site "Abu Dhabi UAE"]
[Date "2002.08.12"]
[Round "1"]
[White "Hamed,Ah"]
[Black "Poluljahov,A"]
[Result "1/2-1/2"]
[WhiteElo "2308"]
[BlackElo "2512"]

1.e4 c5 2.c3 Nf6 3.e5 Nd5 4.d4 cxd4 5.cxd4 d6 6.Bc4 Nb6 7.Bb5+ Bd7 8.e6 Bxb5
9.Qh5 Qc8 10.Qxb5+ Kd8 11.Be3 fxe6 12.Ne2 Qc6 13.Qg5 Qd5 14.Qg3 Nc6 15.O-O g6
16.Nbc3 Qf5 17.Rad1 Bg7 18.Nf4 Nb4 19.Rfe1 N4d5 20.Bc1 Nxf4 21.Bxf4 Rf8 22.Bg5 Kd7
23.d5 e5 24.Ne4 h6 25.Bc1 Ke8 26.Qb3 Qd7 27.Be3 Qa4 28.Qd3 Qc4 29.Bxb6 Qxd3
30.Rxd3 axb6 31.a3 Kd7 32.Rb3 Ra6 33.Rc1 Rc8 34.Rxc8 Kxc8 35.Rf3 Ra4 36.b4 h5
37.Rf7 Bf6  1/2-1/2

[Event "ch-AUT"]
[Site "Oberpullendorf AUT"]
[Date "2002.08.14"]
[Round "5"]
[White "Wach,M"]
[Black "Karner,C"]
[Result "1/2-1/2"]
[WhiteElo "2398"]
[BlackElo "2301"]

1.e4 c5 2.c3 Nf6 3.e5 Nd5 4.Nf3 e6 5.Bc4 Nb6 6.Bb3 d6 7.exd6 Bxd6 8.d4 cxd4
9.cxd4 Nd5 10.O-O O-O 11.Bg5 Qc7 12.Nbd2 h6 13.Be3 Bd7 14.Rc1 Bc6 15.Ne4 Nd7
16.Qd2 N7f6 17.Nxf6+ Nxf6 18.Rfe1 Qe7 19.Qe2 Nd5 20.Ne5 Bxe5 21.dxe5 Nxe3
22.Qxe3 Rfd8 23.Red1  1/2-1/2

[Event "ADCF Masters"]
[Site "Abu Dhabi UAE"]
[Date "2002.08.15"]
[Round "5"]
[White "Ibrahim,I"]
[Black "Sadatnajafi,M"]
[Result "1-0"]
[WhiteElo "2042"]
[BlackElo "2279"]

1.e4 c5 2.c3 Nf6 3.e5 Nd5 4.d4 cxd4 5.Nf3 e6 6.cxd4 b6 7.Nc3 Nxc3 8.bxc3 Bb7
9.Bd3 Be7 10.O-O Nc6 11.Nd2 d6 12.exd6 Qxd6 13.Qg4 O-O-O 14.a4 h5 15.Qe2 Kb8
16.Nc4 Qc7 17.Be3 f5 18.a5 f4 19.axb6 axb6 20.Nxb6 fxe3 21.Rfb1 exf2+ 22.Qxf2 Bd6
23.Qa2 Qe7 24.Nd5 Bxh2+ 25.Kh1 exd5 26.Qa7+ Kc7 27.Rxb7+ Kd6 28.Qa3+ Ke6
29.Rxe7+ Nxe7 30.Re1+  1-0

[Event "ADCF Masters"]
[Site "Abu Dhabi UAE"]
[Date "2002.08.17"]
[Round "6"]
[White "Janahi,Z"]
[Black "Mirzoeva,E"]
[Result "1/2-1/2"]
[WhiteElo "2191"]
[BlackElo "2296"]

1.e4 c5 2.c3 Nf6 3.e5 Nd5 4.d4 cxd4 5.Nf3 Nc6 6.cxd4 d6 7.Bc4 e6 8.O-O Be7
9.Qe2 O-O 10.a3 Qb6 11.Rd1 Na5 12.Bd3 Nb3 13.Ra2 Nxc1 14.Rxc1 Nf4 15.Qc2 Nxd3
16.Qxd3 Bd7 17.Nc3 Rac8 18.Rd1 dxe5 19.dxe5 Rfd8 20.Qe2 Bc6 21.Raa1 a5 22.Rxd8+ Rxd8
23.Rd1 Rxd1+ 24.Nxd1 Qb5 25.Qxb5 Bxb5 26.Nc3 Bd3 27.Nd4 Bc4 28.g3 Bc5 29.Nf3 f6
30.Nd2 Bd3 31.Nb3 Bb6 32.exf6 gxf6 33.Na4 Bc2 34.Nxb6 Bxb3 35.Nd7 Kf7 36.Nc5 Bd5
37.f4 Ke7 38.Kf2 Kd6 39.Nd3 Ba2 40.Ke3 Kd5 41.Nf2 e5 42.fxe5 fxe5 43.Ng4 Bb1
44.h4 Bf5 45.Nf6+ Kc4 46.g4 Bb1 47.Nd7 Kb3 48.Nxe5 Kxb2 49.Nc4+ Kc3 50.Nxa5 b6
51.Nc6 Kb3 52.Ne5 b5 53.g5 Kxa3 54.h5 b4 55.h6 b3 56.Nc4+ Kb4 57.Kd4 Bf5
58.Nb2 Ka3 59.Kc3 Ka2 60.Nc4 Bg6 61.Nb2 Bf7 62.Nd3 Ka3 63.Nb2 Bg6 64.Nc4+ Ka2
65.Nb2 Bf5  1/2-1/2

[Event "Ron Banwell"]
[Site "Coulsdon ENG"]
[Date "2002.08.18"]
[Round "2"]
[White "Friedland,J"]
[Black "Gormally,D"]
[Result "1/2-1/2"]
[WhiteElo "2181"]
[BlackElo "2525"]

1.e4 c5 2.c3 Nf6 3.e5 Nd5 4.d4 cxd4 5.Nf3 Nc6 6.cxd4 d6 7.Bc4 Nb6 8.Bb5 e6
9.O-O dxe5 10.Nxe5 Bd7 11.Nxd7 Qxd7 12.Nc3 Be7 13.Qg4 Bf6 14.Rd1 Nd5 15.Ne4 Qe7
16.Bf4 Nxf4 17.Qxf4 Rd8 18.Nxf6+ Qxf6 19.Qxf6 gxf6 20.Rac1 Rd6 21.g3 Ke7
22.Bxc6 bxc6 23.Rc4 Rb8 24.b3 Rb5 25.Rdc1 Kd7 26.Kg2 Kc7 27.R1c2 Rbd5 28.Ra4 Kb6
29.Rb4+ Kc7 30.Ra4 a5 31.Rc5 Kb6 32.Raxa5 Rxd4 33.Rh5 Re4 34.Ra8 Rd2 35.Rb8+ Ka6
36.Ra8+ Kb6 37.Rb8+ Ka6 38.Ra8+  1/2-1/2

[Event "Saraybahce GP"]
[Site "Kocaeli TUR"]
[Date "2002.08.18"]
[Round "2"]
[White "Alper,M"]
[Black "Atakisi,U"]
[Result "1/2-1/2"]
[WhiteElo "2062"]
[BlackElo "2361"]

1.e4 c5 2.c3 Nf6 3.e5 Nd5 4.Nf3 Nc6 5.Bc4 Nb6 6.Bb3 c4 7.Bc2 Qc7 8.Qe2 g5
9.h3 Bg7 10.O-O Nxe5 11.Nxg5 h6 12.Nf3 Nxf3+ 13.Qxf3 d5 14.Re1 Be6 15.d4 cxd3
16.Bxd3 O-O-O 17.Na3 Nc4 18.Nxc4 dxc4 19.Be4 Be5 20.Bf5 Bh2+ 21.Kf1 Bxf5
22.Qxf5+ e6 23.Qe4 Bd6 24.b3 Kb8 25.Be3 Ka8 26.Red1 Be5 27.Bd4 Bxd4 28.cxd4 cxb3
29.axb3 Qb6 30.Ra4 Rd5 31.Rda1 a6 32.Qd3 Ka7 33.Rc4 Rhd8 34.Raa4 e5 35.Rab4 Rxd4
36.Rxb6 Rxd3 37.Rcb4 R8d7 38.Rxh6 Rc3 39.Rf6 Rd4 40.Rxd4 exd4 41.h4 Rxb3
42.h5 a5 43.h6 a4 44.g3 a3 45.h7 a2 46.h8=Q a1=Q+ 47.Kg2 Rb1 48.Rxf7 Rg1+
49.Kf3 Qd1+ 50.Kf4 Rh1 51.Qe5 Rh5 52.Qe4 Qd2+ 53.Kf3 Rb5 54.Rf8 Qc3+ 55.Kg4 Qc5
56.Qe8 Qg5+ 57.Kh3 Qh5+ 58.Kg2 Qd5+ 59.f3 Kb6 60.Qg6+ Ka7 61.Qe8 Kb6 62.Qg6+ Ka5
63.Ra8+ Kb4 64.Qd3 Kc5 65.Qa3+ Kc6 66.Rf8 Ra5 67.Rf6+ Kc7 68.Qe7+ Kb8 69.g4 Ka7
70.Rf5 Qa2+ 71.Kg3 Rxf5 72.gxf5 Qd2 73.Kg4 Qg2+ 74.Kf4 Qd2+ 75.Kg4 d3 76.Qc5+ Ka6
77.Qd6+ b6 78.f6 Qg2+ 79.Qg3 Qe2 80.Qf4 Qg2+ 81.Kf5 Qc2 82.Qe4 Qc8+ 83.Kf4 Qc1+
84.Kf5 Qc8+ 85.Kf4 Qc1+ 86.Kf5 d2 87.Qa4+ Kb7 88.Qd7+ Ka6 89.Qa4+ Kb7 90.Qd7+  1/2-1/2

[Event "Ciuc Premium A2"]
[Site "Miercurea Ciuc ROM"]
[Date "2002.08.19"]
[Round "1"]
[White "Luber,R"]
[Black "Rendi,E"]
[Result "0-1"]
[WhiteElo "2040"]
[BlackElo "2066"]

1.e4 c5 2.c3 Nf6 3.e5 Nd5 4.d4 cxd4 5.cxd4 Nc6 6.Nc3 Nxc3 7.bxc3 d6 8.exd6 Qxd6
9.Nf3 g6 10.Be2 Bg7 11.Qb3 Qc7 12.O-O O-O 13.Bb2 Be6 14.Qb5 a6 15.Qg5 Rfd8
16.Rfd1 Na5 17.Qe3 Bc4 18.Re1 Bxe2 19.Qxe2 Nc4 20.Bc1 e6 21.g3 Rac8 22.Rb1 b5
23.Ng5 Nb6 24.Bf4 Qc4 25.Qe4 h6 26.Nxf7 Kxf7 27.Qb7+ Nd7 28.Qxa6 g5 29.Rb4 Qc6
30.Qxc6 Rxc6 31.Bd2 Rb8 32.Reb1 Rcb6 33.f4 g4 34.Be3 Bf8 35.R4b3 R6b7 36.a4 b4
37.c4 Nb6 38.c5 Nxa4 39.Bd2 Bg7  0-1

[Event "WY ol"]
[Site "Kuala Lumpur MAS"]
[Date "2002.08.22"]
[Round "4"]
[White "Murariu,A"]
[Black "Deepan,C"]
[Result "0-1"]
[WhiteElo "2401"]
[BlackElo "2310"]

1.e4 c5 2.c3 Nf6 3.e5 Nd5 4.d4 cxd4 5.Nf3 Nc6 6.Bc4 Nb6 7.Bb3 d5 8.exd6 Qxd6
9.O-O d3 10.Ng5 e6 11.Qh5 g6 12.Qf3 Qe7 13.Qxd3 Bg7 14.Ne4 O-O 15.Bg5 f6
16.Be3 Rd8 17.Qb5 Nd5 18.Bc5 Qc7 19.Rd1 a6 20.Qa4 b5 21.Qa3 Qf4 22.Nbd2 Ne5
23.Nd6 Bd7 24.Bxd5 exd5 25.Be3 Qh4 26.Nb7 Re8 27.Qc5 Be6 28.Qd4 Qh5 29.Bf4 Re7
30.Nc5 Bf7 31.Nf1 g5 32.Bg3 Nc4 33.f4 f5 34.Qf2 Re2 35.Qf3 Qxf3 36.gxf3 gxf4
37.Bxf4 Nxb2 38.Rd2 Rxd2 39.Bxd2 Nc4 40.Be1 d4 41.Rc1 Rc8 42.Nb3 dxc3 43.Bxc3 Ne5
44.Bxe5 Rxc1 45.Bxg7 Bxb3 46.Bh6 Rc6  0-1